francis forever - mitski lyrics - Statistics

General Stats
  • This quiz has been taken 170 times
  • The average score is 130 of 145
Answer Stats
Answer % Correct
i
100%
to
99%
you
99%
a
97%
do
97%
don't
97%
where
97%
be
96%
by
96%
the
96%
but
95%
know
95%
my
95%
need
95%
what
95%
with
95%
me
94%
see
94%
a.m.
92%
can
92%
that
92%
world
92%
been
91%
best
91%
i've
91%
3
90%
at
90%
put
90%
this
90%
without
90%
i'm
88%
down
87%
think
87%
writing
87%
hands
86%
head
86%
out
86%
when
86%
stand
85%
trying
85%
and
83%
lay
81%
could
79%
passing
79%
not
77%
than
77%
anything
76%
done
76%
look
76%
miss
76%
more
76%
yet
76%
comes
74%
up
74%
go
73%
you're
73%
of
72%
on
72%
sunlight
72%
summer
71%
walking
71%
autumn
69%
days
69%
sunny
69%
tree
68%
street
67%
gaps
63%
lined
63%
end
56%
No matching quizzes found
Score Distribution
Percent of People with Each Score
Percentile by Number Answered
Your Score History
You have not taken this quiz